000 00389nam a2200157Ia 4500
005 20250423101616.0
008 250422s9999 xx 000 0 und d
020 _a978-0-205-65887-9
050 _aJZ 1305 .N 94/
100 _aNye, Joseph S.
245 0 _aUnderstanding international conflicts
260 _c2009
300 _a302 p
650 _aInternational relations
942 _cBK
999 _c36746
_d36746